| 000 | 00421nam a22001577a 4500 | ||
|---|---|---|---|
| 005 | 20251223112921.0 | ||
| 008 | 251223b |||||||| |||| 00| 0 eng d | ||
| 020 | _a978-0-7020-3234-9 | ||
| 050 |
_aRT 121 .B355 2009 _b1 |
||
| 100 | _aBARBARA F. WELLER | ||
| 245 | _aBAILLIERES NURSES DICTIONARY | ||
| 260 |
_aUNITED KINGDOM _beLSEVIER _c2009 |
||
| 300 | _aXii,594p. | ||
| 500 | _aIncludes Appendix | ||
| 942 |
_2lcc _cREF |
||
| 999 |
_c216386 _d216386 |
||